| 000 | 00356nam a22001337a 4500 | ||
|---|---|---|---|
| 020 | _qPB. | ||
| 040 | _cFIZZA ISHAQ | ||
| 082 |
_a371.33 _bROB |
||
| 100 |
_aROBLYER,D.M. _9134153 |
||
| 245 |
_aINTEGRATING EDUCATIONAL TECHNOLOGY INTO TEACHING / _cM.D.ROBLYER. |
||
| 260 |
_aNEW YORK ; _bPEARSON, _c2010. |
||
| 300 |
_a458 P. ; _c10.9X8.5IN |
||
| 942 |
_2ddc _cBK |
||
| 999 |
_c617098 _d617098 |
||